The Linux programming interface : (Record no. 280)

MARC details
000 -LEADER
fixed length control field 01304cam a2200313 a 4500
001 - CONTROL NUMBER
control field 16073182
005 - DATE AND TIME OF LATEST TRANSACTION
control field 20200421093825.0
008 - FIXED-LENGTH DATA ELEMENTS--GENERAL INFORMATION
fixed length control field 100128s2010 caua b 001 0 eng
010 ## - LIBRARY OF CONGRESS CONTROL NUMBER
LC control number 2010001947
020 ## - INTERNATIONAL STANDARD BOOK NUMBER
International Standard Book Number 9781593272203
020 ## - INTERNATIONAL STANDARD BOOK NUMBER
International Standard Book Number 1593272200
040 ## - CATALOGING SOURCE
Original cataloging agency DLC
Transcribing agency DLC
Modifying agency DLC
050 00 - LIBRARY OF CONGRESS CALL NUMBER
Classification number QA76.76.O63
Item number K496 2010
082 00 - DEWEY DECIMAL CLASSIFICATION NUMBER
Classification number 005.4/32
Edition information 22
100 1# - MAIN ENTRY--PERSONAL NAME
Personal name Kerrisk, Michael,
Dates associated with a name 1961-
9 (RLIN) 945
245 14 - TITLE STATEMENT
Title The Linux programming interface :
Remainder of title a Linux and UNIX system programming handbook /
Statement of responsibility, etc. Michael Kerrisk.
260 ## - PUBLICATION, DISTRIBUTION, ETC.
Place of publication, distribution, etc. San Francisco :
Name of publisher, distributor, etc. No Starch Press,
Date of publication, distribution, etc. c2010.
300 ## - PHYSICAL DESCRIPTION
Extent xli, 1506 p. :
Other physical details ill. ;
Dimensions 25 cm.
504 ## - BIBLIOGRAPHY, ETC. NOTE
Bibliography, etc. note Includes bibliographical references (p. [1437]-1445) and index.
650 #0 - SUBJECT ADDED ENTRY--TOPICAL TERM
Topical term or geographic name entry element Linux.
650 #0 - SUBJECT ADDED ENTRY--TOPICAL TERM
Topical term or geographic name entry element UNIX (Computer file)
650 #0 - SUBJECT ADDED ENTRY--TOPICAL TERM
Topical term or geographic name entry element Operating systems (Computers)
9 (RLIN) 248
856 42 - ELECTRONIC LOCATION AND ACCESS
Materials specified Contributor biographical information
Uniform Resource Identifier <a href="http://www.loc.gov/catdir/enhancements/fy1112/2010001947-b.html">http://www.loc.gov/catdir/enhancements/fy1112/2010001947-b.html</a>
856 42 - ELECTRONIC LOCATION AND ACCESS
Materials specified Publisher description
Uniform Resource Identifier <a href="http://www.loc.gov/catdir/enhancements/fy1112/2010001947-d.html">http://www.loc.gov/catdir/enhancements/fy1112/2010001947-d.html</a>
856 41 - ELECTRONIC LOCATION AND ACCESS
Materials specified Table of contents only
Uniform Resource Identifier <a href="http://www.loc.gov/catdir/enhancements/fy1112/2010001947-t.html">http://www.loc.gov/catdir/enhancements/fy1112/2010001947-t.html</a>
906 ## - LOCAL DATA ELEMENT F, LDF (RLIN)
a 7
b cbc
c orignew
d 1
e ecip
f 20
g y-gencatlg
942 ## - ADDED ENTRY ELEMENTS (KOHA)
Source of classification or shelving scheme Dewey Decimal Classification
Koha item type Books
Holdings
Withdrawn status Lost status Damaged status Not for loan Collection Home library Current library Shelving location Date acquired Barcode Date last seen Price effective from Koha item type
        Reference Fairview Fairview General stacks 09/04/2014 39999000012194 09/04/2014 09/04/2014 Books
        Reference Midway Midway General stacks 09/04/2014 39999000012217 09/04/2014 09/04/2014 Books